[Event "FB23 2324 SK 1980 Gernsheim - SV 1920 Ho"]
[Site "?"]
[Date "2024.03.23"]
[Round "6.6"]
[White "Schardt, Madeleine"]
[Black "Storkebaum, Ulrike"]
[Result "1/2-1/2"]
[WhiteElo "1796"]
[BlackElo "1802"]
[PlyCount "173"]
[EventDate "2024.??.??"]
[SourceVersion "1"]
[SourceVersionDate "2023.02.20"]
[SourceQuality "1"]

1. d4 Nf6 2. Nf3 g6 3. Bf4 Bg7 4. c3 O-O 5. h3 d6 6. e3 Nbd7 7. Be2 b6 8. Nbd2 Bb7 9. O-O Re8 10. a4 a5 11. Bh2 e5 12. dxe5 Nxe5 13. Nxe5 dxe5 14. Nf3 Ne4 15. Qc2 Qe7 16. Rad1 Rad8 17. Bb5 Rf8 18. Rxd8 Rxd8 19. Rd1 Nd6 20. Be2 f5 21. Qb3+ Kh8 22. Qc2 Rf8 23. Qd2 Bc6 24. b3 Ne4 25. Qc2 f4 26. Bd3 Nc5 27. e4 Nxd3 28. Qxd3 Qe6 29. c4 h6 30. Qe2 Bf6 31. Rd3 g5 32. Nd2 Kh7 33. f3 Be7 34. Kh1 h5 35. Kg1 Rg8 36. Kf1 g4 37. hxg4 hxg4 38. fxg4 Rxg4 39. Rh3+ Kg7 40. Nf3 Rg6 41. Rh5 Bf6 42. Nh4 Bxh4 43. Rxh4 Rh6 44. Rxh6 Qxh6 45. Qg4+ Qg6 46. Qxg6+ Kxg6 47. g3 fxg3 48. Bxg3 Kf6 49. Bh4+ Ke6 50. Ke2 Bxe4 51. Kd2 Kd6 52. Kc3 Bf5 53. Bg3 Bg6 54. b4 axb4+ 55. Kxb4 Be8 56. a5 c5+ 57. Ka3 bxa5 58. Be1 Bf7 59. Bxa5 Bxc4 60. Kb2 Kd5 61. Kc3 e4 62. Bd8 e3 63. Bh4 Bb5 64. Kc2 Ke4 65. Kd1 Kd3 66. Be1 Ba4+ 67. Kc1 c4 68. Bb4 Ke2 69. Bc5 c3 70. Bd6 Kd3 71. Bg3 c2 72. Be1 Ke2 73. Bh4 Kd3 74. Be1 Be8 75. Bh4 Bh5 76. Bg5 Bd1 77. Bf4 Ke2 78. Bg3 Kd3 79. Be1 Bg4 80. Bh4 Bf5 81. Be1 e2 82. Bf2 Bg6 83. Bh4 Ke3 84. Bg3 Kf3 85. Bh4 Kg2 86. Kd2 Kf1 87. Bg3 1/2-1/2

[Event "FB23 2324 SC Bavaria Regensburg 1881 - S"]
[Site "?"]
[Date "2024.03.23"]
[Round "6.1"]
[White "Braun, Kristin"]
[Black "Arnhold, Steffi"]
[Result "0-1"]
[WhiteElo "1991"]
[BlackElo "2123"]
[PlyCount "100"]
[EventDate "2024.??.??"]
[SourceVersion "1"]
[SourceVersionDate "2023.02.20"]
[SourceQuality "1"]

1. e4 c5 2. Nf3 e6 3. d4 cxd4 4. Nxd4 a6 5. c4 Nf6 6. Nc3 Qc7 7. a3 Be7 8. Be3 d6 9. Be2 Nbd7 10. O-O b6 11. f4 Bb7 12. Qc2 O-O 13. Rad1 Rac8 14. h3 Qb8 15. f5 e5 16. Nb3 Qa8 17. Nd2 Nc5 18. Bf3 b5 19. b4 Ncd7 20. cxb5 axb5 21. Qb3 Ba6 22. g4 h6 23. Kh2 Qb8 24. Rg1 Nh7 25. Nd5 Bd8 26. Be2 Nb6 27. Bxb6 Bxb6 28. Ne7+ Kh8 29. Nxc8 Bxg1+ 30. Rxg1 Qxc8 31. Qd3 Qc7 32. Nb3 Qb6 33. Na5 Bb7 34. Nxb7 Qxb7 35. h4 Rc8 36. g5 Qa7 37. Rg2 Qa8 38. gxh6 gxh6 39. Qxd6 Qxe4 40. Qxh6 Rg8 41. Rxg8+ Kxg8 42. Qh5 Qc2 43. Qf3 Nf6 44. h5 Kh7 45. Kh3 e4 46. Bd1 Qc4 47. Qg3 Qf1+ 48. Kh2 Qxd1 49. Qc3 Qe2+ 50. Kg1 Qg4+ 0-1

[Event "FB23 2324 SC Bavaria Regensburg 1881 - S"]
[Site "?"]
[Date "2024.03.23"]
[Round "6.2"]
[White "Bardorz, Jana"]
[Black "Horvath, Maria"]
[Result "1-0"]
[WhiteElo "2029"]
[BlackElo "1983"]
[PlyCount "53"]
[EventDate "2024.??.??"]
[SourceVersion "1"]
[SourceVersionDate "2023.02.20"]
[SourceQuality "1"]

1. e4 e6 2. d4 d5 3. Nd2 Nf6 4. e5 Nfd7 5. c3 c5 6. Bd3 Nc6 7. Ne2 cxd4 8. cxd4 Qb6 9. Nf3 Be7 10. O-O f6 11. exf6 gxf6 12. Nf4 Nf8 13. a3 Bd7 14. b4 O-O-O 15. Re1 Kb8 16. Bf5 exf5 17. Nxd5 Qb5 18. Bf4+ Kc8 19. Nxe7+ Nxe7 20. Rxe7 Ng6 21. a4 Qxb4 22. Qc2+ Bc6 23. Qxf5+ Rd7 24. Rxd7 Bxd7 25. Rc1+ Kd8 26. Qxf6+ Qe7 27. Bc7+ 1-0

[Event "FB23 2324 SC Bavaria Regensburg 1881 - S"]
[Site "?"]
[Date "2024.03.23"]
[Round "6.3"]
[White "Kosc, Renata"]
[Black "Oberhofer, Marie"]
[Result "1/2-1/2"]
[WhiteElo "1990"]
[BlackElo "1854"]
[PlyCount "142"]
[EventDate "2024.??.??"]
[SourceVersion "1"]
[SourceVersionDate "2023.02.20"]
[SourceQuality "1"]

1. e4 c5 2. Nf3 d6 3. d4 cxd4 4. Nxd4 Nf6 5. Nc3 g6 6. Be2 Bg7 7. O-O O-O 8. Re1 Nc6 9. Nb3 Be6 10. Bf1 Rc8 11. Nd5 Ne5 12. Bg5 Nxd5 13. exd5 Bg4 14. Qc1 Re8 15. c3 a6 16. Qe3 Bf6 17. Bxf6 exf6 18. Qg3 Qd7 19. f4 Nc4 20. Rxe8+ Qxe8 21. Bxc4 Rxc4 22. Qxg4 Qe3+ 23. Kh1 Rxf4 24. Qg3 Qe4 25. Re1 Qf5 26. Kg1 Rg4 27. Nd4 Qg5 28. Qf3 Qd2 29. Qe2 Qg5 30. Rf1 f5 31. Nf3 Qf6 32. Re1 Re4 33. Qd2 Qe7 34. Kf2 Qc7 35. b3 Qc5+ 36. Kf1 Qc7 37. Ng5 Re5 38. Nf3 Re4 39. Ng5 Re5 40. Rxe5 dxe5 41. d6 Qd7 42. Nf3 f6 43. c4 b6 44. Qd5+ Kg7 45. b4 g5 46. Kf2 g4 47. Nxe5 fxe5 48. Qxe5+ Kg6 49. Qe7 Qxe7 50. dxe7 Kf7 51. Ke3 Kxe7 52. Kf4 Ke6 53. h3 gxh3 54. gxh3 a5 55. a3 a4 56. h4 h5 57. c5 bxc5 58. bxc5 Kd5 59. Kxf5 Kxc5 60. Kg5 Kc4 61. Kxh5 Kb3 62. Kg5 Kxa3 63. h5 Kb2 64. h6 a3 65. h7 a2 66. h8=Q+ Kb1 67. Qh1+ Kb2 68. Qg2+ Kb1 69. Qf1+ Kb2 70. Qe2+ Kb1 71. Qd1+ Kb2 1/2-1/2

[Event "FB23 2324 SC Bavaria Regensburg 1881 - S"]
[Site "?"]
[Date "2024.03.23"]
[Round "6.4"]
[White "Pavlov, Liliane"]
[Black "Todorova, Kalina"]
[Result "0-1"]
[WhiteElo "1864"]
[BlackElo "1872"]
[PlyCount "98"]
[EventDate "2024.??.??"]
[SourceVersion "1"]
[SourceVersionDate "2023.02.20"]
[SourceQuality "1"]

1. d4 Nf6 2. Nf3 e6 3. Bg5 Be7 4. Nbd2 d5 5. Rc1 c5 6. dxc5 Bxc5 7. Nb3 Bxf2+ 8. Kxf2 Ne4+ 9. Ke1 Nxg5 10. c4 Nc6 11. cxd5 exd5 12. g3 Ne4 13. Bg2 Qb6 14. Rf1 Be6 15. Nfd2 Rd8 16. Qc2 Nd6 17. Nc5 O-O 18. Nf3 Bf5 19. Qc3 d4 20. Qd2 Rfe8 21. Kf2 d3 22. e3 Ne4+ 23. Nxe4 Bxe4 24. a3 Bg6 25. Rc3 Ne5 26. h3 Re6 27. Nh4 Rde8 28. Nxg6 Rxg6 29. Be4 Rf6+ 30. Kg2 Rxf1 31. Kxf1 Qe6 32. g4 Nc4 33. Qxd3 Qxe4 34. Qxc4 Qf3+ 35. Ke1 Rxe3+ 36. Rxe3 Qxe3+ 37. Qe2 Qxe2+ 38. Kxe2 f6 39. Ke3 Kf7 40. Kd4 Ke6 41. Kc5 g6 42. Kd4 h6 43. Ke4 f5+ 44. gxf5+ gxf5+ 45. Kf4 Kf6 46. b3 b6 47. b4 b5 48. Kg3 Ke5 49. Kf3 f4 0-1

[Event "FB23 2324 SC Bavaria Regensburg 1881 - S"]
[Site "?"]
[Date "2024.03.23"]
[Round "6.5"]
[White "Nentwig, Nicole"]
[Black "Prinzen, Siri Marleen"]
[Result "0-1"]
[WhiteElo "1924"]
[BlackElo "1830"]
[PlyCount "114"]
[EventDate "2024.??.??"]
[SourceVersion "1"]
[SourceVersionDate "2023.02.20"]
[SourceQuality "1"]

1. e4 c6 2. d4 d5 3. exd5 cxd5 4. Nf3 Nc6 5. c3 Qc7 6. Be3 Nf6 7. h3 e6 8. Nbd2 Bd7 9. Bd3 a6 10. a4 Rb8 11. Qe2 h6 12. O-O Bd6 13. Rfc1 O-O 14. b4 Ne7 15. Nb3 Rfc8 16. Nc5 Bxc5 17. dxc5 e5 18. Bxa6 Nf5 19. Bb5 Bxb5 20. axb5 Ne4 21. Nd2 Nxc3 22. Rxc3 d4 23. Bxd4 Nxd4 24. Qh5 Nxb5 25. Rg3 Kh8 26. Nf3 f6 27. Qf5 Rd8 28. Nh4 Nd4 29. Ng6+ Kg8 30. Qe4 f5 31. Qd3 e4 32. Qc4+ Qf7 33. Qxf7+ Kxf7 34. Ra2 Nc6 35. b5 Nd4 36. Ne5+ Kg8 37. Rg6 Nxb5 38. Kh2 Rd5 39. Ra5 Rxe5 40. Rxb5 Kh7 41. Rgb6 Rc8 42. Rxb7 Rexc5 43. Rb2 R8c7 44. Rb8 Rc2 45. Kg1 Rxb2 46. Rxb2 Rc1+ 47. Kh2 Rc3 48. Kg1 Rc1+ 49. Kh2 f4 50. Re2 Rc4 51. g4 h5 52. Re1 hxg4 53. hxg4 Kg6 54. f3 exf3 55. Re5 Rc2+ 56. Kh3 Rc1 57. Kh2 f2 0-1

[Event "FB23 2324 SC Bavaria Regensburg 1881 - S"]
[Site "?"]
[Date "2024.03.23"]
[Round "6.6"]
[White "Bauer, Laura Sophie"]
[Black "Ross, Sandra"]
[Result "1-0"]
[WhiteElo "1902"]
[BlackElo "1907"]
[PlyCount "55"]
[EventDate "2024.??.??"]
[SourceVersion "1"]
[SourceVersionDate "2023.02.20"]
[SourceQuality "1"]

1. e4 e5 2. Nf3 Nc6 3. Bb5 a6 4. Ba4 Nf6 5. O-O Be7 6. Re1 b5 7. Bb3 d6 8. c3 O-O 9. h3 Re8 10. d4 Bb7 11. Nbd2 Bf8 12. d5 Nb8 13. Nf1 Nbd7 14. Ng3 Nc5 15. Bc2 c6 16. dxc6 Bxc6 17. Bd2 Rc8 18. Qc1 d5 19. exd5 Qxd5 20. Bg5 e4 21. Rd1 Nd3 22. Bxd3 exd3 23. Bxf6 gxf6 24. Qf4 Qc4 25. Qxf6 Be7 26. Qf5 Rcd8 27. Ng5 Bxg5 28. Qxg5+ 1-0

[Event "FB23 2324 SC NT Nürnberg - FC Bayern MÃ"]
[Site "?"]
[Date "2024.03.23"]
[Round "6.1"]
[White "Butenandt, Svenja"]
[Black "Hrebenshchykova, Yelyzaveta"]
[Result "1/2-1/2"]
[WhiteElo "2216"]
[BlackElo "2288"]
[PlyCount "76"]
[EventDate "2024.??.??"]
[SourceVersion "1"]
[SourceVersionDate "2023.02.20"]
[SourceQuality "1"]

1. d4 Nf6 2. c4 g6 3. Nc3 d5 4. cxd5 Nxd5 5. e4 Nxc3 6. bxc3 Bg7 7. Nf3 O-O 8. Be3 c5 9. Be2 b6 10. O-O Bb7 11. Qd3 Ba6 12. Qd2 Bxe2 13. Qxe2 cxd4 14. cxd4 Nc6 15. Rfd1 Qd7 16. Rac1 Na5 17. Bd2 Rfc8 18. Bxa5 bxa5 19. d5 Rxc1 20. Rxc1 Rc8 21. Rxc8+ Qxc8 22. Qd2 Qc5 23. e5 Kf8 24. d6 exd6 25. exd6 Bf6 26. h3 Kg7 27. d7 Qc7 28. Qd5 Kf8 29. Qa8+ Bd8 30. Qc8 Ke7 31. Nd4 Qxd7 32. Nc6+ Kd6 33. Qxd8 Kxc6 34. Qxa5 Qd1+ 35. Kh2 Qd6+ 36. Kg1 Qd1+ 37. Kh2 Qd6+ 38. Kg1 Qd1+ 1/2-1/2

[Event "FB23 2324 SC NT Nürnberg - FC Bayern MÃ"]
[Site "?"]
[Date "2024.03.23"]
[Round "6.2"]
[White "Albayrak, Nese Pinar"]
[Black "Mayrhuber, Nikola"]
[Result "0-1"]
[WhiteElo "1949"]
[BlackElo "1987"]
[PlyCount "74"]
[EventDate "2024.??.??"]
[SourceVersion "1"]
[SourceVersionDate "2023.02.20"]
[SourceQuality "1"]

1. e4 c5 2. Nf3 d6 3. d4 cxd4 4. Nxd4 Nf6 5. Nc3 a6 6. Be2 e5 7. Nb3 Be7 8. Be3 Be6 9. Qd2 Nbd7 10. h3 b5 11. a3 Rc8 12. O-O O-O 13. Kh1 Nb6 14. Rad1 Na4 15. Nxa4 bxa4 16. Nc1 Nxe4 17. Qb4 d5 18. Qxa4 d4 19. c3 Qb6 20. cxd4 Qxb2 21. Qxa6 Rc3 22. d5 Bc8 23. Qa4 Ng3+ 24. fxg3 Rxe3 25. d6 Bd8 26. d7 Bb7 27. Qb4 Qxb4 28. axb4 Rxg3 29. Bf3 e4 30. Bg4 g6 31. Kh2 Rc3 32. Ne2 Rc4 33. Rd4 Bc7+ 34. Kh1 Rc2 35. Rfd1 Rd8 36. Nf4 Bxf4 37. Rf1 Be5 0-1

[Event "FB23 2324 SC NT Nürnberg - FC Bayern MÃ"]
[Site "?"]
[Date "2024.03.23"]
[Round "6.3"]
[White "Vidonyak, Nellya"]
[Black "Albayrak, Berrak"]
[Result "1/2-1/2"]
[WhiteElo "2105"]
[BlackElo "1812"]
[PlyCount "149"]
[EventDate "2024.??.??"]
[SourceVersion "1"]
[SourceVersionDate "2023.02.20"]
[SourceQuality "1"]

1. d4 Nf6 2. Nf3 g6 3. Nbd2 Bg7 4. e4 d6 5. c3 O-O 6. Bc4 c6 7. Bb3 Nbd7 8. O-O e5 9. Re1 Qe7 10. Nf1 Re8 11. Ng5 d5 12. exd5 Nxd5 13. Bxd5 cxd5 14. dxe5 Nxe5 15. Bf4 Qf6 16. Bxe5 Rxe5 17. Rxe5 Qxe5 18. Nf3 Qd6 19. Ne3 Be6 20. Nd4 Bd7 21. Qd3 Be5 22. Nf3 Be6 23. Nxe5 Qxe5 24. Rd1 Rd8 25. Qb5 Rd7 26. h3 h5 27. Qc5 b6 28. Qb5 Qg5 29. Kh1 Qf6 30. Kg1 Qg5 31. Kf1 Qd8 32. Rd4 Qg5 33. a3 Qe5 34. Qd3 Qh2 35. Qd2 Qh1+ 36. Ke2 Qh2 37. c4 Qe5 38. cxd5 Rd6 39. Kf1 Bd7 40. Kg1 Bb5 41. a4 Ba6 42. b3 Qe8 43. Qc2 Qe7 44. Re4 Qd8 45. Qc3 Bb7 46. Qe5 f6 47. Qg3 Kf7 48. Re6 Rd7 49. Re4 Bxd5 50. Nxd5 Rxd5 51. Qe3 Qd6 52. g3 Rd1+ 53. Kh2 g5 54. Qe2 Kg6 55. Re7 Qd5 56. Qe4+ Qxe4 57. Rxe4 Rd3 58. b4 Kf5 59. Re7 a5 60. bxa5 bxa5 61. Rb7 Rd5 62. Kg2 Rc5 63. Rb6 Ke5 64. Kf3 g4+ 65. hxg4 hxg4+ 66. Ke3 Rc3+ 67. Kd2 Rc5 68. Kd3 f5 69. Rb8 Rd5+ 70. Kc3 Rc5+ 71. Kb3 Kd4 72. Rb7 Ke4 73. Rb5 Rd5 74. Ka3 Rd3+ 75. Ka2 1/2-1/2

[Event "FB23 2324 SC NT Nürnberg - FC Bayern MÃ"]
[Site "?"]
[Date "2024.03.23"]
[Round "6.4"]
[White "Braeuer, Vanessa"]
[Black "Giss, Helene"]
[Result "1/2-1/2"]
[WhiteElo "1920"]
[BlackElo "2046"]
[PlyCount "171"]
[EventDate "2024.??.??"]
[SourceVersion "1"]
[SourceVersionDate "2023.02.20"]
[SourceQuality "1"]

1. e4 e6 2. d4 d5 3. Nd2 c5 4. exd5 Qxd5 5. Ngf3 cxd4 6. Bc4 Qd6 7. O-O Nf6 8. Nb3 Nc6 9. Qe2 a6 10. a4 Bd7 11. Rd1 Qc7 12. Nbxd4 Nxd4 13. Rxd4 Bc5 14. Bf4 Qb6 15. Rd3 Rd8 16. b4 Be7 17. a5 Qxb4 18. Rb3 Qc5 19. Rxb7 Bc6 20. Be3 Qh5 21. Bxa6 Bxb7 22. Bxb7 O-O 23. a6 Bc5 24. a7 Bxa7 25. Rxa7 Rd7 26. Kf1 Rfd8 27. h3 h6 28. c4 Rd1+ 29. Ne1 Qe5 30. Ra8 Rxa8 31. Bxa8 Ra1 32. Bf3 Qh2 33. Qd2 Qc7 34. Qc3 Ra2 35. Qb3 Ra1 36. Bd4 Rc1 37. c5 Qa5 38. Qe3 Rb1 39. Bc3 Qb5+ 40. Be2 Qb8 41. Qe5 Qxe5 42. Bxe5 Rc1 43. Bd4 Nd5 44. Bf3 Rc4 45. Bxd5 Rxd4 46. Bb7 Kf8 47. Nf3 Rc4 48. c6 Ke7 49. Ke2 Kd6 50. Kd3 Rc5 51. Nd4 g6 52. Nb3 Rf5 53. f3 Rg5 54. g4 Re5 55. f4 Re1 56. Nd4 Rb1 57. Kc2 Rb4 58. Kc3 Rb1 59. Nc2 Rh1 60. h4 Rxh4 61. Nd4 Kc7 62. Nb5+ Kb6 63. Ba8 Rh1 64. Kb2 Rh2+ 65. Kb3 Rh3+ 66. Kc2 Rh2+ 67. Kb3 Rh3+ 68. Kb4 Rh1 69. Nd6 Rb1+ 70. Kc4 f5 71. gxf5 exf5 72. Kd5 Re1 73. Nf7 h5 74. Kd6 Rd1+ 75. Ke7 Kc7 76. Ng5 Re1+ 77. Kf6 h4 78. Bb7 Re3 79. Ba6 h3 80. Bf1 h2 81. Bg2 Rg3 82. Ne6+ Kc8 83. Bf1 Ra3 84. Bg2 Ra2 85. Bd5 Ra5 86. Bf3 1/2-1/2

[Event "FB23 2324 SC NT Nürnberg - FC Bayern MÃ"]
[Site "?"]
[Date "2024.03.23"]
[Round "6.5"]
[White "Dirmeier, Carolin"]
[Black "Loebel, Petra"]
[Result "1-0"]
[WhiteElo "1987"]
[BlackElo "1913"]
[PlyCount "61"]
[EventDate "2024.??.??"]
[SourceVersion "1"]
[SourceVersionDate "2023.02.20"]
[SourceQuality "1"]

1. e4 e6 2. d4 d5 3. Nc3 Bb4 4. e5 Qd7 5. Qg4 f5 6. Qh5+ Qf7 7. Qf3 Bd7 8. a3 Bf8 9. Nh3 h6 10. Nf4 Nc6 11. Nb5 O-O-O 12. Qd3 g5 13. Ne2 Nge7 14. h4 gxh4 15. Rxh4 Ng6 16. Rh2 h5 17. Bd2 a6 18. Nbc3 Be7 19. O-O-O h4 20. Nf4 Na7 21. Re1 Nb5 22. Ncxd5 exd5 23. e6 Bxe6 24. Nxe6 Rde8 25. Rh3 Bd6 26. Rhe3 f4 27. Ng5 Qd7 28. Rxe8+ Rxe8 29. Qxg6 Rxe1+ 30. Bxe1 Qe7 31. Qe6+ 1-0

[Event "FB23 2324 SC NT Nürnberg - FC Bayern MÃ"]
[Site "?"]
[Date "2024.03.23"]
[Round "6.6"]
[White "Albayrak, Aylin"]
[Black "Spiel, Marianne"]
[Result "0-1"]
[WhiteElo "1779"]
[BlackElo "1881"]
[PlyCount "86"]
[EventDate "2024.??.??"]
[SourceVersion "1"]
[SourceVersionDate "2023.02.20"]
[SourceQuality "1"]

1. d4 Nf6 2. c4 e6 3. Nf3 d5 4. Nc3 c6 5. Bg5 Nbd7 6. e3 Be7 7. Be2 O-O 8. O-O Re8 9. Qc2 h6 10. Bh4 dxc4 11. Bxc4 Nb6 12. Bd3 Nbd5 13. a3 Bd7 14. Rfe1 Rc8 15. b4 a5 16. Na4 axb4 17. Nc5 b6 18. Nb7 Qc7 19. Ba6 Ra8 20. Bg3 Qc8 21. Qe2 b5 22. Nd6 Qxa6 23. Nxe8 Bxe8 24. axb4 Qxa1 25. Rxa1 Rxa1+ 26. Ne1 Ne4 27. f3 Nxg3 28. hxg3 Bxb4 29. Kh2 Rxe1 30. Qb2 Rxe3 31. Qa2 Ra3 32. Qb2 Ra4 33. f4 Bc3 34. Qe2 Rxd4 35. Qe5 Kf8 36. Kh3 Nxf4+ 37. Kh2 Nd5 38. Qd6+ Ne7 39. Qc5 b4 40. Kh3 Rd5 41. Qe3 c5 42. Qe4 Rh5+ 43. Kg4 f5+ 0-1

[Event "FB23 2324 SV 1920 Hofheim - SV Stuttgart"]
[Site "?"]
[Date "2024.03.24"]
[Round "7.1"]
[White "Li, Zhuoling"]
[Black "Rieseler, Caroline"]
[Result "1/2-1/2"]
[WhiteElo "2165"]
[BlackElo "2074"]
[PlyCount "98"]
[EventDate "2024.??.??"]
[SourceVersion "1"]
[SourceVersionDate "2023.02.20"]
[SourceQuality "1"]

1. e4 c5 2. Nf3 Nc6 3. Nc3 e5 4. Bc4 Be7 5. O-O d6 6. h3 Nf6 7. d3 O-O 8. Bg5 h6 9. Bxf6 Bxf6 10. a4 Nb4 11. Ne2 Be6 12. c3 Nc6 13. Bd5 Bxd5 14. exd5 Ne7 15. Qb3 b6 16. Ng3 g6 17. d4 exd4 18. cxd4 Qd7 19. Rad1 Bg7 20. Ne4 Rac8 21. dxc5 bxc5 22. Qe3 Nf5 23. Qf4 g5 24. Qg4 Rcd8 25. b3 Nd4 26. Nxd4 Qxg4 27. hxg4 Bxd4 28. Ng3 Be5 29. Nf5 Kh7 30. Rfe1 Rd7 31. Rd3 Kg6 32. Ne3 Rb8 33. Nc4 f6 34. g3 h5 35. gxh5+ Kxh5 36. Kg2 g4 37. f4 gxf3+ 38. Kxf3 Kg5 39. Rh1 Rbb7 40. Rh4 f5 41. Na5 Rbc7 42. Nc6 Rh7 43. Rxh7 Rxh7 44. Kg2 Kf6 45. a5 Rg7 46. Kf2 Rh7 47. Kg2 Rg7 48. Kf2 Rh7 49. Kg2 Rg7 1/2-1/2

[Event "FB23 2324 SV 1920 Hofheim - SV Stuttgart"]
[Site "?"]
[Date "2024.03.24"]
[Round "7.2"]
[White "Geske, Bruna"]
[Black "Timofeeva, Galina"]
[Result "0-1"]
[WhiteElo "2034"]
[BlackElo "1973"]
[PlyCount "92"]
[EventDate "2024.??.??"]
[SourceVersion "1"]
[SourceVersionDate "2023.02.20"]
[SourceQuality "1"]

1. e4 g6 2. d4 d6 3. Nf3 c6 4. h3 Bg7 5. Bd3 Nf6 6. O-O O-O 7. Re1 Nbd7 8. Nc3 c5 9. e5 Ne8 10. dxc5 dxe5 11. Bb5 f6 12. c6 bxc6 13. Bxc6 Rb8 14. Qd5+ Kh8 15. Rd1 Nd6 16. Be3 Qc7 17. Nd2 Nb6 18. Qc5 Bb7 19. Bxb7 Qxb7 20. Nb5 Nf5 21. Qa3 Nxe3 22. Qxe3 Nd5 23. Qxa7 Qxb5 24. c4 Qb6 25. Qa3 Nb4 26. Rac1 Rfd8 27. c5 Qb5 28. c6 Nxc6 29. Rc5 Qe2 30. Rf1 Nb4 31. Nc4 f5 32. Qa7 Bf6 33. Ne3 e4 34. a3 Nd3 35. Rc2 Qh5 36. Nd5 Qg5 37. g3 f4 38. Nxf6 Qxf6 39. b4 Rf8 40. Rc7 fxg3 41. Rxe7 gxf2+ 42. Kh2 Rbe8 43. Rxh7+ Kg8 44. Qd7 Ne5 45. Qa7 Nf3+ 46. Kg2 Ne1+ 0-1

[Event "FB23 2324 SV 1920 Hofheim - SV Stuttgart"]
[Site "?"]
[Date "2024.03.24"]
[Round "7.3"]
[White "Siegl, Melina"]
[Black "Winterholler, Christina"]
[Result "0-1"]
[WhiteElo "1976"]
[BlackElo "2036"]
[PlyCount "113"]
[EventDate "2024.??.??"]
[SourceVersion "1"]
[SourceVersionDate "2023.02.20"]
[SourceQuality "1"]

1. e4 e5 2. Nf3 Nc6 3. Bc4 Bc5 4. c3 Qe7 5. d3 h6 6. Qe2 d6 7. Bb3 Nf6 8. h3 Nh7 9. Nbd2 f5 10. g3 g5 11. exf5 Bxf5 12. Ne4 O-O-O 13. Bd5 Qd7 14. g4 Bg6 15. Be3 Bb6 16. Nfd2 Ne7 17. Bb3 d5 18. Ng3 d4 19. Bxd4 Bxd4 20. cxd4 Qxd4 21. Nf3 Qb4+ 22. Qd2 Qxd2+ 23. Kxd2 e4 24. Ne5 exd3 25. Be6+ Kb8 26. Nxg6 Nxg6 27. Bf5 Nf4 28. Rae1 Nf6 29. Re3 c5 30. b3 b5 31. Ne4 N6d5 32. Nxc5 Nxe3 33. fxe3 Nd5 34. Nxd3 Nb4 35. Ke2 Nxd3 36. Bxd3 b4 37. Rc1 Rc8 38. Rd1 Rhf8 39. Bf5 Rc6 40. Rd5 a6 41. Rd4 Kc7 42. Rxb4 Rd8 43. Be4 Rcd6 44. Rb7+ Kc8 45. Rh7 Rd2+ 46. Kf3 R8d6 47. Bf5+ Kb8 48. a3 Rh2 49. Kg3 Rb2 50. b4 Rb3 51. Kf3 Rxa3 52. Re7 Rb3 53. Re4 Rb6 54. Re8+ Kc7 55. Rc8+ Kb7 56. Rh8 R3xb4 57. Re8 0-1

[Event "FB23 2324 SV 1920 Hofheim - SV Stuttgart"]
[Site "?"]
[Date "2024.03.24"]
[Round "7.4"]
[White "Buchholz, Maja Patricia"]
[Black "Kobald, Jacqueline"]
[Result "1-0"]
[WhiteElo "1948"]
[BlackElo "1974"]
[PlyCount "59"]
[EventDate "2024.??.??"]
[SourceVersion "1"]
[SourceVersionDate "2023.02.20"]
[SourceQuality "1"]

1. c4 Nf6 2. g3 g6 3. Bg2 Bg7 4. Nc3 O-O 5. d4 d6 6. Nf3 d5 7. O-O c6 8. Qb3 h6 9. Rd1 dxc4 10. Qxc4 Be6 11. Qb4 Qc7 12. Bf4 Na6 13. Qa3 Qd8 14. Ne5 Nc7 15. e4 g5 16. Be3 Ng4 17. Nxg4 Bxg4 18. f3 Be6 19. Qb4 Rb8 20. Qa4 a6 21. Qc2 Qd7 22. Na4 Bh3 23. Nb6 Qe6 24. d5 cxd5 25. Bxh3 Qxh3 26. Qxc7 d4 27. Bxd4 Rbc8 28. Qd7 Qxd7 29. Nxd7 Rfd8 30. Bxg7 1-0

[Event "FB23 2324 SV 1920 Hofheim - SV Stuttgart"]
[Site "?"]
[Date "2024.03.24"]
[Round "7.5"]
[White "Klotz, Sonja"]
[Black "Froehlich-Dill, Astrid"]
[Result "1/2-1/2"]
[WhiteElo "1944"]
[BlackElo "1879"]
[PlyCount "193"]
[EventDate "2024.??.??"]
[SourceVersion "1"]
[SourceVersionDate "2023.02.20"]
[SourceQuality "1"]

1. e4 e6 2. d4 b6 3. Nf3 Bb7 4. Bd3 d5 5. e5 Be7 6. O-O Ba6 7. c3 Bxd3 8. Qxd3 h5 9. h3 Nh6 10. Qe3 Nd7 11. Ng5 Nf5 12. Qd2 Bxg5 13. Qxg5 Qxg5 14. Bxg5 f6 15. Bf4 c5 16. g4 hxg4 17. hxg4 Nh4 18. exf6 gxf6 19. f3 Kf7 20. Nd2 c4 21. Rae1 Rag8 22. Kf2 Ng6 23. Bg3 Rh3 24. Rh1 Rxh1 25. Rxh1 e5 26. Rh5 Ke6 27. Ke3 Ne7 28. dxe5 Nxe5 29. Bxe5 fxe5 30. Rh6+ Rg6 31. Rh7 Nc6 32. Rh4 d4+ 33. cxd4 exd4+ 34. Ke2 c3 35. bxc3 dxc3 36. Ne4 Nd4+ 37. Ke3 Nb5 38. Kd3 c2 39. Kxc2 Nd4+ 40. Kd3 Nxf3 41. Rh7 Ne5+ 42. Kc2 Rxg4 43. Nc3 a5 44. Rb7 Nd7 45. Ra7 Nc5 46. Rh7 Rg2+ 47. Kb1 Rg6 48. Rh4 Ke5 49. Kc2 Rg2+ 50. Kb1 Rf2 51. Rh6 Ne6 52. Rh5+ Rf5 53. Rh4 Nf4 54. Rh6 Ne6 55. Rh4 Nd4 56. Re4+ Kd6 57. Rxd4+ Kc5 58. Rh4 b5 59. Kb2 Rf2+ 60. Kb1 Rf5 61. Ne4+ Kd5 62. Kc2 b4 63. Nd2 Rg5 64. Rf4 Rh5 65. Kb3 Ke5 66. Rc4 Rh3+ 67. Kb2 Kd5 68. Rf4 Rh2 69. Kc2 Ke5 70. Rc4 Kd5 71. Rg4 Kc5 72. Rg5+ Kb6 73. Kd3 Rh3+ 74. Kd4 Rh4+ 75. Kd5 a4 76. Nc4+ Kb5 77. Nd6+ Kb6 78. Nc4+ Kb5 79. Nd6+ Kb6 80. Rg6 Rh5+ 81. Kd4 Rh4+ 82. Ne4+ Kb5 83. Rg5+ Kb6 84. Rg6+ Kb5 85. Rg8 Rh2 86. Rb8+ Ka5 87. Ra8+ Kb5 88. Nd6+ Kc6 89. Ra6+ Kd7 90. Rxa4 Kxd6 91. Ra6+ Kc7 92. Kc5 Rb2 93. Kc4 Kb7 94. Ra4 Kc6 95. Ra6+ Kb7 96. Ra4 Kc6 97. Rxb4 1/2-1/2

[Event "FB23 2324 SV 1920 Hofheim - SV Stuttgart"]
[Site "?"]
[Date "2024.03.24"]
[Round "7.6"]
[White "Zahn, Nicol"]
[Black "Erben, Larissa"]
[Result "0-1"]
[WhiteElo "1904"]
[BlackElo "1960"]
[PlyCount "70"]
[EventDate "2024.??.??"]
[SourceVersion "1"]
[SourceVersionDate "2023.02.20"]
[SourceQuality "1"]

1. e4 c5 2. Nf3 e6 3. d3 Nc6 4. Nbd2 g6 5. g3 Bg7 6. Bg2 Nge7 7. O-O Rb8 8. a4 d6 9. Re1 O-O 10. h4 a6 11. Nf1 b5 12. axb5 axb5 13. c3 Qb6 14. Be3 d5 15. d4 c4 16. Bf4 Rb7 17. e5 b4 18. Qd2 Na5 19. Rxa5 Qxa5 20. g4 Bd7 21. Bh6 Rfb8 22. h5 Bh8 23. Bg5 Qd8 24. Qf4 Qf8 25. Bh6 Bg7 26. Bxg7 Qxg7 27. h6 Qf8 28. Ne3 bxc3 29. bxc3 Rb1 30. Rxb1 Rxb1+ 31. Kh2 Ba4 32. Ng5 Qxh6+ 33. Kg3 Qg7 34. Nf3 Kf8 35. Nd2 Rc1 0-1

[Event "FB23 2324 TSV Schott Mainz - SK 1980 Ger"]
[Site "?"]
[Date "2024.03.24"]
[Round "7.2"]
[White "Sinitsina, Anastassia"]
[Black "Lukas, Anne"]
[Result "1-0"]
[WhiteElo "2229"]
[BlackElo "2029"]
[PlyCount "111"]
[EventDate "2024.??.??"]
[SourceVersion "1"]
[SourceVersionDate "2023.02.20"]
[SourceQuality "1"]

1. e4 c5 2. Nc3 g6 3. d4 cxd4 4. Qxd4 Nf6 5. e5 Nc6 6. Qf4 Nh5 7. Qe4 d6 8. Bb5 dxe5 9. Nf3 Bd7 10. Nxe5 Nxe5 11. Qxe5 Bg7 12. Qe2 O-O 13. O-O a6 14. Bxd7 Qxd7 15. Rd1 Qc6 16. Nd5 Rfe8 17. Nxe7+ Kh8 18. Qxh5 Rxe7 19. Qf3 Qxc2 20. Bg5 Re5 21. Qxb7 Rae8 22. Be3 R5e7 23. Qxa6 Bxb2 24. Rab1 Rd7 25. Rf1 Red8 26. Bg5 Rd6 27. Qb7 Bf6 28. Bxf6+ Rxf6 29. Qe7 Rfd6 30. a3 Qf5 31. a4 R6d7 32. Qb4 Rd5 33. Ra1 Ra8 34. Rfe1 Qf6 35. Ra3 Kg8 36. Rf3 Qc6 37. Rf4 Rda5 38. Qb3 R5a7 39. h3 Re7 40. Rxe7 Qc1+ 41. Re1 Qxe1+ 42. Kh2 Qe7 43. Qd5 Ra7 44. g3 h5 45. h4 Qc7 46. Rc4 Qb8 47. a5 Qb2 48. Kg2 Qf6 49. Ra4 Kg7 50. Qb5 Ra6 51. Rf4 Qe6 52. Kh2 Rd6 53. Qb2+ f6 54. Rd4 g5 55. Rxd6 Qxd6 56. hxg5 1-0